Statystyki dla jak dobrze wiesz o wot? (4pacernych)

Kliknij tutaj aby rozwiązać quiz!

Ogólne statystyki

  • Ten quiz został rozwiązany 141 razy
  • Średni wynik to 8 z 9

Statystyki odpowiedzi

pytanieodpowiedz% Poprawnych
czy E100 jest czołgiem lekkim?nie
96%
ile jest państw w wot?11
94%
czy progetto ma magazynektak
93%
ilu jest potrzebnych graczy w bitwie losowej? ogólnie30
92%
z którego kraju jest czołg fosch B?Francja
92%
jaki jest najcięszy pojazd w wot?maus
91%
by złożyć czołg X tieru ilu potrzeba schematów?12
84%
jak nazywa się czołg ..Super koń'' (w pełni)Super Conqueror
78%
w której aktualizacji pojawiły się kołowcę1.4
49%

Rozkład punktacji

Percentyl według liczby udzielonych odpowiedzi

Procent ludzi z każdym wynikiem

Twoja historia wyników

Nie rozwiązałeś tego quizu